Sea of Okhotsk Quiz - Statistics

General Stats
  • This quiz has been taken 10 times
  • The average score is 5 of 11
Answer Stats
Hint Answer % Correct
Alongside Russia, which country borders the Sea of Okhotsk? Japan
89%
Which ocean is the Sea of Okhotsk a part of? Pacific Ocean
89%
Which island, nowadays completely controlled by Russia, is the largest island in or adjacent to the Sea of Okhotsk? Sakhalin
78%
Which large peninsula borders the Sea of Okhotsk in the east? Kamchatka
56%
With a population of over 90 thousand, what is by far the most populous city on the shore of the Sea of Okhotsk? Magadan
56%
Which indigenous group inhabits said island chain? Ainu
44%
Which island chain defines the boundary of the Sea of Okhotsk in the southeast? Kuril Islands
33%
Before 2014, an area in the middle of the Sea of Okhotsk existed outside of Russia's jurisdiction. Other countries took advantage of this by fishing in the area, leading to concerns about the depletion of fish stocks. What was this area called? Peanut Hole
33%
What is the northeastern part of the Sea of Okhotsk called? {Shelikhov} Gulf
11%
Which two straits connect the Sea of Okhotsk to the Sea of Japan? Strait of {La Perouse}
11%
Which two straits connect the Sea of Okhotsk to the Sea of Japan? Strait of {Tartary}
11%
No matching quizzes found
Score Distribution
Percent of People with Each Score
Percentile by Number Answered
Your Score History
You have not taken this quiz